000 00331nam a2200121Ia 4500
008 151021s9999 xx 000 0 und d
050 _aPS3569.H3927.A7 1997
245 _a_The best laid plans
260 _aNew York WIlliam Morron and company 1997
300 _a358p.
650 _a_Novel
980 _a^d20130429 12:52:07^oanne
999 _c12937
_d12937